Reform in Eastern Europe

Enregistré dans:
Détails bibliographiques
Format: Livre
Langue:anglais
Publié: Cambridge The MIT Press 1992
Édition:3. ed.
Sujets:
Tags: Ajouter un tag
Pas de tags, Soyez le premier à ajouter un tag!

MARC

LEADER 00000nam a2200000 4500
001 c009539
005 20221206083534.4
020 |a 0-262-02328-8 
041 0 |a eng 
044 |a US 
245 1 0 |a Reform in Eastern Europe 
250 |a 3. ed. 
264 1 |a Cambridge  |b The MIT Press  |c 1992 
300 |a 98 s. 
610 2 0 |a reformy hospodárske 
610 2 0 |a východná Európa 
610 2 0 |a liberalizácia 
610 2 0 |a privatizácia 
610 2 0 |a reštrukturalizácia 
610 2 0 |a stabilizácia hospodárstva